|
|
|
|
| LEADER |
03493nam a2200397 a 4500 |
| 001 |
0015466 |
| 003 |
BD-DhAAL |
| 008 |
100325r2005 maua b 001 0 eng d |
| 020 |
|
|
|a 1568606041
|
| 020 |
|
|
|a 8181475348
|
| 040 |
|
|
|a DLC
|c DLC
|d DLC
|d BD-DhAAL
|
| 082 |
0 |
0 |
|a 004.21
|2 23
|
| 100 |
1 |
|
|a Patterson, David A.
|9 24307
|
| 245 |
1 |
0 |
|a Computer organization and design :
|b the hardware/software interface /
|c David A. Patterson, John L. Hennessy.
|
| 250 |
|
|
|a Third edition.
|
| 260 |
|
|
|a Burlington, MA :
|b Morgan Kaufmann Publishers ;
|a New Delhi :
|b Elsevier Inc.,
|c c2005 [reprinted].
|
| 300 |
|
|
|a 1 v. (various pagings) :
|b ill. ;
|c 24 cm
|
| 504 |
|
|
|a Includes bibliographical references and index.
|
| 526 |
|
|
|a CSE
|x Tarem Ahmed
Faculty Member of Computer Science and Engineering
BRAC University
Course Name : Digital System Design (CSE 461)
|
| 541 |
1 |
|
|e 0015466, 0017741, 0017742, 0017743, 0017744
|a Paragon Enterprises LTD.
|
| 650 |
|
0 |
|a Computer organization.
|9 24308
|
| 650 |
|
0 |
|a Computer engineering.
|9 24309
|
| 650 |
|
0 |
|a Computer interfaces.
|9 24310
|
| 700 |
1 |
|
|a Hennessy, John L.
|9 24311
|
| 852 |
4 |
|
|a Ayesha Abed Library
|c General Stacks
|
| 942 |
0 |
0 |
|0 3
|2 ddc
|c BK
|
| 999 |
|
|
|c 7873
|d 7873
|
| 952 |
|
|
|0 0
|1 0
|2 ddc
|4 0
|6 004_210000000000000_PAT
|7 0
|9 8805
|a BRACUL
|b BRACUL
|c GEN
|d 2010-03-25
|e Paragon Enterprises LTD
|g 700.00
|l 22
|m 186
|o 004.21 PAT
|p 3010017741
|r 2024-09-03
|s 2024-06-26
|t 6
|w 2010-03-25
|y BK
|x Requisitioned by Tarem Ahmed (Faculty Member of Computer Science and Engineering, BRAC University)for the course named- "Digital System Design (CSE 461)".
|
| 952 |
|
|
|0 0
|1 0
|2 ddc
|4 0
|6 004_210000000000000_PAT
|7 0
|9 8950
|a BRACUL
|b BRACUL
|c GEN
|d 2010-04-04
|e Paragon Enterprises LTD
|g 700.00
|l 20
|m 187
|o 004.21 PAT
|p 3010017744
|r 2021-10-21
|s 2020-02-19
|t 9
|w 2010-04-04
|y BK
|x Requisitioned by Tarem Ahmed (Faculty Member of Computer Science and Engineering, BRAC University)for the course named- "Digital System Design (CSE 461)".
|
| 952 |
|
|
|0 0
|1 0
|2 ddc
|4 0
|6 004_210000000000000_PAT
|7 0
|9 9331
|a BRACUL
|b BRACUL
|c GEN
|d 2010-04-20
|l 18
|m 186
|o 004.21 PAT
|p 3010015467
|r 2024-10-08
|s 2024-06-03
|t 2
|w 2010-04-20
|y BK
|
| 952 |
|
|
|0 0
|1 0
|2 ddc
|4 0
|6 004_210000000000000_PAT
|7 0
|9 9404
|a BRACUL
|b BRACUL
|c GEN
|d 2010-04-25
|l 17
|m 183
|o 004.21 PAT
|p 3010015468
|r 2021-03-02
|s 2019-09-16
|t 3
|w 2010-04-25
|y BK
|
| 952 |
|
|
|0 0
|1 0
|2 ddc
|4 0
|6 004_210000000000000_PAT
|7 0
|9 10946
|a BRACUL
|b BRACUL
|c GEN
|d 2010-06-14
|e Paragon Enterprises LTD
|g 700.00
|l 10
|m 87
|o 004.21 PAT
|p 3010017742
|r 2021-12-08
|s 2018-02-11
|t 7
|w 2010-06-14
|y BK
|x Requisitioned by Tarem Ahmed (Faculty Member of Computer Science and Engineering, BRAC University)for the course named- "Digital System Design (CSE 461)".
|
| 952 |
|
|
|0 0
|1 0
|2 ddc
|4 0
|6 004_210000000000000_PAT
|7 0
|9 12745
|a BRACUL
|b BRACUL
|c GEN
|d 2010-10-25
|l 19
|m 200
|o 004.21 PAT
|p 3010015466
|r 2022-04-13
|s 2022-03-14
|t 1
|w 2010-10-25
|y BK
|
| 952 |
|
|
|0 0
|1 0
|2 ddc
|4 0
|6 004_210000000000000_PAT
|7 0
|9 12746
|a BRACUL
|b BRACUL
|c GEN
|d 2010-10-25
|l 9
|m 114
|o 004.21 PAT
|p 3010015469
|r 2024-03-30
|s 2024-02-07
|t 4
|w 2010-10-25
|y BK
|
| 952 |
|
|
|0 0
|1 0
|2 ddc
|4 0
|6 004_210000000000000_PAT
|7 0
|9 12747
|a BRACUL
|b BRACUL
|c GEN
|d 2010-10-25
|l 18
|m 197
|o 004.21 PAT
|p 3010015470
|r 2022-09-25
|s 2022-06-01
|t 5
|w 2010-10-25
|y BK
|
| 952 |
|
|
|0 0
|1 0
|2 ddc
|4 0
|6 004_210000000000000_PAT
|7 0
|9 12748
|a BRACUL
|b BRACUL
|c GEN
|d 2010-10-25
|e Paragon Enterprises LTD
|g 700.00
|l 20
|m 204
|o 004.21 PAT
|p 3010017743
|r 2023-01-03
|s 2022-09-05
|t 8
|w 2010-10-25
|y BK
|x Requisitioned by Tarem Ahmed (Faculty Member of Computer Science and Engineering, BRAC University)for the course named- "Digital System Design (CSE 461)".
|